01348nam a22002177a 4500003000900000001000900009007000300018008003600021040003800057245004000095041000800135022001400143856007700157520025600234520025200490520025700742520010600999260000901105246000801114650000801122UA-OsUOA 132372 ta20180724b un ||||| |||| 00| 0 ukr d aUA-OsUOAbengcUA-OsUOAdUA-OsUOA aInternational Journal of Innovation aeng a2318-997540uhttp://www.journaliji.org/index.php/iji/issue/view/July-December/showToc3 aThe International Journal of Innovation (IJI Journal) comes out as a result of efforts of researchers linked to distinct nuclei and research/studying groups in Universities around the world. It is an academic publication vehicle on innovation at large3 a. IJI Journal comes out to support scientific research and state-of-the-art knowledge, Regional or national economic development/policies related to innovation, Regional innovation strategies. The journal adopts a rather multifaceted approach to t3 ahe many challenges facing innovation than a narrow or single target on related areas. The journal is international in character and welcomes contributions to the knowledge on innovation with international scope in Emerging Economies as well. It is an o3 apen, peer-blinded reviewed research-based journal, abiding by the best editorial practices and norms. c201631a2n 72UDC